XG In Every MV - Statistics

General Stats
  • This quiz has been taken 27 times
  • The average score is 11 of 13
Answer Stats
Picture Answer % Correct
Left Right
100%
Woke Up
100%
Mascara
94%
Shooting Star
94%
Tippy Toes
94%
Howling
83%
Puppet Show
83%
IYKYK
78%
Something Ain't Right
78%
Winter Without You
72%
GRL GVNG
67%
New Dance
67%
TGIF
61%
No matching quizzes found
Score Distribution
Percent of People with Each Score
Percentile by Number Answered
Your Score History
You have not taken this quiz